|
|
|
|
| LEADER |
00000nab a2200000 a 4500 |
| 001 |
vtls000904329 |
| 003 |
SK-MaSNL |
| 005 |
20260304172113.0 |
| 008 |
040720e20000605xo 0 slo |
| 035 |
|
|
|a KE13284
|
| 040 |
|
|
|a KEVKJB
|b slo
|c KEVKJB
|e AACR2
|
| 041 |
0 |
|
|a slo
|
| 044 |
|
|
|a xo
|c SK
|
| 080 |
|
|
|a 355.232
|2 1981
|
| 080 |
|
|
|a 929
|2 1981
|
| 100 |
0 |
|
|a sam
|4 aut
|9 872790
|
| 245 |
1 |
0 |
|a Vrátiť na výslnie
|b Na slávnostnej inaugurácii rektora VLA i minister obrany SR
|
| 300 |
|
|
|b 1 obr.
|
| 590 |
|
|
|a Grega, Miroslav
|b rektor VLA. M.R. Štefánika
|
| 600 |
1 |
7 |
|a Grega, Miroslav,
|d 1953-
|2 KEVKJB
|9 233765
|
| 610 |
2 |
7 |
|a Vojenská letecká akadémia generála M. R. Štefánika v Košiciach
|2 KEVKJB
|9 81506
|
| 610 |
2 |
7 |
|a Vysoká vojenská škola letectva generála M. R. Štefánika v Košiciach
|2 KEVKJB
|9 81504
|
| 650 |
0 |
7 |
|a inaugurácia
|2 KEVKJB
|9 29877
|
| 650 |
0 |
7 |
|a informácie
|2 KEVKJB
|9 1285
|
| 651 |
|
7 |
|a Košice (Slovensko)
|2 KEVKJB
|9 18694
|
| 651 |
|
7 |
|a KE,
|2 KEVKJB
|9 877256
|
| 655 |
|
7 |
|a periodikum
|2 snkbucl
|9 29553
|
| 710 |
2 |
|
|a Vojenská letecká akadémia generála M. R. Štefánika v Košiciach
|4 aut
|9 81506
|
| 773 |
0 |
8 |
|t Košický večer
|g Roč. 11
|g Roč. 32, č.106, 5.6.2000, s. 3
|
| 852 |
|
|
|a ZVYKNI
|b KIS3GCP
|
| 999 |
|
|
|c 2996608
|d 2998538
|